000
00324nam a2200145Ia 4500
005
20251222140112.0
008
251222s1900||||xx |||||||||||||| ||spa||
020
_a
8470508296
082
_a
210.9/P81
100
_a
Poupard, Paul
245
0
_a
¿Dónde esta Dios?:
250
_a
1ra. ed.
264
_b
EDICEP
942
_c
LIB
999
_c
4350
_d
4350